Ernesto buenos días (Registro nro. 14877)
[ vista simple ]
| 000 - LÍDER | |
|---|---|
| campo de control de longitud fija | 02173nam a2200325 i 4500 |
| 005 - FECHA Y HORA DE LA ÚLTIMA TRANSACCIÓN | |
| campo de control | 20210818182209.0 |
| 008 - ELEMENTOS DE DATOS DE LONGITUD FIJA - INFORMACIÓN GENERAL | |
| campo de control de longitud fija | 111207s2008 sp a br 000 j spa d |
| 020 ## - INTERNATIONAL STANDARD BOOK NUMBER | |
| International Standard Book Number | 9788498710755 |
| 040 ## - FUENTE DE CATALOGACIÓN | |
| Agencia de catalogación original | COMFC |
| Lenguaje de catalogación | spa |
| Descripción convenciones | rda |
| 041 0# - CÓDIGO DE LENGUAJE | |
| Código de idioma de texto / pista de sonido o título separado | spa |
| 082 04 - NÚMERO DE CLASIFICACIÓN DECIMAL DEWEY | |
| Número de clasificación | 863.6 |
| Número de artículo | C186e |
| 100 1# - ENTRADA PRINCIPAL - NOMBRE PERSONAL | |
| Nombre de la persona | Campanari, José |
| Fechas asociadas a un nombre | 1959- |
| Término del Relator | aut |
| 245 10 - TÍTULO DECLARACIÓN | |
| Título | Ernesto buenos días |
| Declaración de responsabilidad | José Campanari ; ilustraciones de João Vaz de Carvalho |
| 250 ## - DECLARACIÓN DE EDICIÓN | |
| Sentencia de edición | Primera edición |
| 264 01 - AVISO DE PRODUCCIÓN, PUBLICACIÓN, DISTRIBUCIÓN, FABRICACIÓN Y DERECHOS DE AUTOR | |
| Lugar de producción | Pontevedra, España |
| Nombre del productor | OQO |
| Fecha de producción | 2008 |
| 300 ## - DESCRIPCIÓN FÍSICA | |
| Alcance | 32 páginas sin numerar |
| Otros datos físicos | ilustraciones en color |
| Dimensiones | 24 cm |
| 336 ## - TIPO DE CONTENIDO | |
| Tipo de contenido | txt |
| Código de tipo de contenido | txt |
| Fuente | rdacontent |
| 337 ## - TIPO DE MEDIO | |
| Término del tipo de medio | n |
| Código de tipo de medio | n |
| Fuente | rdamedia |
| 338 ## - TIPO DE PORTADOR | |
| Término del tipo de operador | nc |
| Código de tipo de operador | nc |
| Fuente | rdacarrier |
| 490 ## - DECLARACIÓN EN SERIE | |
| Estado de cuenta de la serie | Colección Q |
| -- | 53789 |
| 520 3# - RESUMEN | |
| Resumen | "Aquel domingo, Ernesto estaba invitado a merendar en casa de su novia Henriqueta. La cita era a las seis, ni un minuto antes, ni un minuto después. Ernesto salió de casa en una tarde soleada, mientras Henriqueta, la hermana, la madre, el padre y la abuela preparaban la merienda. Se levantó una brisa, cayeron cuatro gotas, llovió e hizo viento... mientras, la familia de la novia, inquieta, no dejaba de mirar el reloj porque Ernesto no llegaba. Contenido y lenguaje accesibles para los primeros lectores, y además unas ilustraciones muy expresivas, en complicidad perfecta con la narración. Imágenes concebidas para que no perdamos de vista lo que sucede en los dos ambientes en que se desenvuelve la historia: la calle y el interior de la casa de Henriqueta. Una divertida historia en la que el protagonista, siguiendo la máxima del abuelo al mal tiempo buena cara, no pierde el ánimo ni en los momentos más críticos; un comportamiento que induce a pensar que hay que mirar al horizonte y afrontar las dificultades con tenacidad y confianza". |
| 521 ## - NOTA DE AUDIENCIA OBJETIVO | |
| Nota para el público objetivo | Recomendado para niños de 6 a 9 años |
| 650 14 - ENTRADA DE SUJETO AÑADIDO - TÉRMINO TÓPICO | |
| Término tópico o elemento de entrada del nombre geográfico | Cuentos infantiles argentinos |
| Subdivisión cronológica | Siglo XX |
| 650 14 - ENTRADA DE SUJETO AÑADIDO - TÉRMINO TÓPICO | |
| Término tópico o elemento de entrada del nombre geográfico | Literatura infantil argentina |
| Subdivisión cronológica | Siglo XX |
| 650 14 - ENTRADA DE SUJETO AÑADIDO - TÉRMINO TÓPICO | |
| Término tópico o elemento de entrada del nombre geográfico | Vida cotidiana en la literatura |
| 650 14 - ENTRADA DE SUJETO AÑADIDO - TÉRMINO TÓPICO | |
| Término tópico o elemento de entrada del nombre geográfico | Familia en la literatura |
| 650 14 - ENTRADA DE SUJETO AÑADIDO - TÉRMINO TÓPICO | |
| Término tópico o elemento de entrada del nombre geográfico | Niños en la literatura |
| 700 1# - ENTRADA AGREGADA - NOMBRE PERSONAL | |
| Nombre de la persona | Vaz de Carvalho, João |
| Fechas asociadas a un nombre | 1958- |
| Término del Relator | ill |
| 942 ## - ELEMENTOS DE ENTRADA AGREGADOS (KOHA) | |
| Fuente de clasificación o esquema de estanterías | Dewey Decimal Classification |
| Parte de clasificación | 863.6 C186e |
| Prefijo del número de llamada | 863.6 |
| Sufijo del número de llamada | C186e |
| Estado de retirada | Pérdida de estatus | Fuente de clasificación o esquema de estanterías | Estado dañado | No para préstamo | Código de recogida | Ubicación permanente | Ubicación actual | Ubicación de las estanterías | Fecha de adquisición | Total de Cajas | Número Topográfico | Código de barras | Precio efectivo desde | Número de copia | Fecha de la última vez que se vio | Tipo de artículo Koha | Nota pública | Fuente de adquisición | Fecha de la última salida |
|---|---|---|---|---|---|---|---|---|---|---|---|---|---|---|---|---|---|---|---|
| Dewey Decimal Classification | General | Biblioteca Pública Departamental Comfamiliar Risaralda | Biblioteca Pública Departamental Comfamiliar Risaralda | Área General | 20/03/2019 | 863.6 C186e | 1004262 | 18/08/2021 | Ej. 1 | 20/03/2019 | Libro | Cuentos Infantiles | |||||||
| Dewey Decimal Classification | General | Biblioteca Pública Jaime Fernández Botero | Biblioteca Pública Jaime Fernández Botero | Área Infantil | 31/03/2022 | 1 | 863.6 C186e | SANRC17 - 0321 | 31/03/2022 | Ej. 1 | 29/02/2024 | Libro | Compra | 31/01/2024 |